000
00276nam a2200121Ia 4500
008
190216s9999||||xx |||||||||||||| ||und||
100
_a
Bhasheer Bhadra
245
0
_a
Hindi - Allah - Hafiz
260
_b
Divi Publishers
_c
2001
300
_a
99
650
_a
Hindi
942
_c
BK
999
_c
16154
_d
16154